000 00688nam a2200253Ia 4500
003 OSt
005 20221007103756.0
006 a|||||r|||| 00| 0
007 ta
008 221006b |||||||| |||| 00| 0 eng d
020 _a9788184500493
024 _a14,020
037 _cTextual
040 _aLCO
_cLCO
_beng
041 _2eng
_aeng
082 _aZv2,A, P8
100 _aSharma Gokulesh
_9145322
245 0 _aAncient Judicial System of India
260 _aNew
_bDelhi Deep & Deep Publications Pvt. Ltd. India
_c2008
300 _a205
650 _aANCIENT JUDICIAL SYSTEM
_9705525
942 _hZv2,A, P8
_cTEXL
999 _c1183583
_d1183583